Normal view
MARC view
Entry Meeting Name
001 - CONTROL NUMBER
- control field: 11664
003 - CONTROL NUMBER IDENTIFIER
- control field: OSt
005 - DATE AND TIME OF LATEST TRANSACTION
- control field: 20211105133420.0
008 - FIXED-LENGTH DATA ELEMENTS
- fixed length control field: 211105|| aca||aabn | a|a d
040 ## - CATALOGING SOURCE
- Original cataloging agency: OSt
- Transcribing agency: OSt
111 ## - HEADING--MEETING NAME
- Meeting name or jurisdiction name as entry element: Workshop on Supergravity
- Location of meeting: Stony Brook, US
- Date of meeting or treaty signing: 1979 Sep. 27-29
670 ## - SOURCE DATA FOUND
- Source citation: Work cat.: (OSt): Workshop on Supergravity Stony Brook, US 1979 Sep. 27-29, Supergravity, 1979